000 00915aam a2200349 4500
005 20190429163035.0
008 150306b xxu||||| |||| 00| 0 spa d
020 _a9789968318655
041 _aspa
082 _a170 Z25e
100 _aZamora, Álvaro
_914240
245 _aÉtica y sociedad
260 _aCosta Rica
_bEUNED
_c2012
300 _a296 páginas
650 _aÉTICA
_9489
650 _aSOCIEDAD
_9545
650 _aCULTURA
_91093
650 _aMORAL
_92444
650 _aTRABAJO
_91443
650 _aESTRUCTURAS SOCIALES
_953386
650 _aLIBERTAD
_912186
650 _aJUSTICIA
_94792
650 _aCENSURA MORAL
_936605
650 _aVIDA COTIDIANA
_919823
650 _aCOMITÉS DE ÉTICA
_953387
650 _aÉTICA PROFESIONAL
_92364
650 _aDEPORTE
_97682
650 _aDERECHOS HUMANOS
_9166
650 _aSEXUALIDAD
_9230
650 _aCORRUPCIÓN
_9149
942 _cBK
999 _c4775
_d4775